Carte séquentielle des pays d’Amérique du Nord - Statistiques

Statistiques générales
  • Ce quiz a été pris 517 fois
  • Le résultat moyen est 10 sur 23
Réponses sur la Carte
Les réponses sont colorées sur une échelle allant du rouge au vert en fonction du pourcentage des utilisateurs qui les ont devinées à leur premier essai. Vous pouvez retrouver ces pourcentages ci-dessous.
 
Statistiques - réponses
Réponse % Correct
États-Unis
61%
Cuba
59%
Canada
58%
Mexique
57%
Panama
55%
Guatemala
54%
Bahamas
52%
Bélize
51%
Honduras
51%
Salvador
51%
Costa Rica
49%
République dominicaine
49%
Nicaragua
48%
Antigua-et-Barbuda
41%
Trinité-et-Tobago
41%
Dominique
40%
Saint-Vincent-et-les- Grenadines
40%
Barbade
39%
Grenade
37%
Saint-Christophe-et-Niévès
37%
Sainte-Lucie
31%
Haïti
17%
Jamaïque
17%
Aucun quiz correspondant
Distribution des résultats
% des personnes avec chaque résultat
Percentile par nombre de réponses
Votre historique - résultats
Vous n’avez pas pris ce quiz